Gender and law : (Record no. 20857)

000 -LEADER
fixed length control field 00676cam a2200229Ia 4500
020 ## - INTERNATIONAL STANDARD BOOK NUMBER
ISBN 9251055637
020 ## - INTERNATIONAL STANDARD BOOK NUMBER
ISBN 9789251055632
022 ## - INTERNATIONAL STANDARD SERIAL NUMBER
ISSN 341 FAO 2006 A042 Or.
040 ## - CATALOGING SOURCE
Transcribing agency UAB
082 ## - DEWEY DECIMAL CLASSIFICATION NUMBER
Classification number 341 FAO 2006 A042 Or.
100 1# - MAIN ENTRY--AUTHOR NAME
Personal name Cotula, Lorenzo.
245 10 - TITLE STATEMENT
Title Gender and law :
Remainder of title women's rights in agriculture /
250 ## - EDITION STATEMENT
Edition statement [Second revised and updated edition]
300 ## - PHYSICAL DESCRIPTION
Number of Pages x, 184 pages ;
Dimensions 24 cm
490 1# - SERIES STATEMENT
Series statement FAO legislative study,
500 ## - GENERAL NOTE
General note "TC/M/A0686E/1/9.09/1000"--P. [4] of cover
650 #0 - SUBJECT ADDED ENTRY--TOPICAL TERM
Topical Term Women agricultural laborers
650 #0 - SUBJECT ADDED ENTRY--TOPICAL TERM
Topical Term Women agricultural laborers
650 #0 - SUBJECT ADDED ENTRY--TOPICAL TERM
Topical Term Women in agriculture.
650 #0 - SUBJECT ADDED ENTRY--TOPICAL TERM
Topical Term Women's rights.
942 ## - ADDED ENTRY ELEMENTS (KOHA)
Koha item type ADB
952 ## - LOCATION AND ITEM INFORMATION (KOHA)
Withdrawn status [LOCAL, KOHA] 0
Holdings
Permanent Location Date acquired Koha item type Lost status Shelving location Barcode Current Location Full call number
Library Block A2022-12-28ADB A042a069670Library Block A341 FAO 2006 A042 Or.
មជ្ឈមណ្ឌលឯការនៃសាកលវិទ្យាល័យភូមិន្ទកសិកម្មចំការដូង

Powered by Koha